[Event "25.Schlosspark-Open"]
[Site "Wiesbaden-Biebrich"]
[Date "2013.08.25"]
[Round "6.28"]
[White "Haftmann, Rainer"]
[Black "Holgert, Michael"]
[Result "1/2-1/2"]
[WhiteElo "1939"]
[BlackElo "2076"]
[PlyCount "124"]
[EventDate "2013.??.??"]
[WhiteTeam "SAbt SG 1945 Dietzenbach"]
[BlackTeam "ESV Lok Raw Cottbus e.V."]

1. e4 d5 2. exd5 Qxd5 3. d4 Nc6 4. Nf3 e5 5. Nc3 Bb4 6. Bd2 Bxc3 7. Bxc3 e4 8.
Ne5 Nxe5 9. dxe5 Ne7 10. Qd4 Qxd4 11. Bxd4 O-O 12. Be2 Re8 13. O-O-O b6 14. f4
exf3 15. Bxf3 Rb8 16. Rhe1 c5 17. Bf2 Be6 18. a3 h6 19. g4 Rbd8 20. Rd6 Rd7 21.
Red1 Red8 22. h3 Kf8 23. Bg3 Ke8 24. Be2 Rxd6 25. exd6 Nc6 26. Bb5 Kd7 27. Bh4
f6 28. Bg3 Re8 29. Re1 Bd5 30. Rxe8 Kxe8 31. h4 Kd7 32. Kd2 Bf3 33. g5 hxg5 34.
hxg5 fxg5 35. Ke3 g4 36. b4 Ke6 37. bxc5 bxc5 38. Bxc6 Bxc6 39. Kd3 Bd5 40. c3
a6 41. Bh2 g6 42. Bg3 Kd7 43. Bf4 Kc6 44. c4 Bf3 45. Kc3 Kd7 46. Kd3 Bc6 47.
Ke3 Kc8 48. Bg3 Bd7 49. Ke4 Be6 50. Kd3 Kb7 51. Kc3 Kc6 52. Kd3 Bf5+ 53. Kc3
Kd7 54. Bh2 Ke6 55. Kd2 Be4 56. Bg3 Bc6 57. Ke3 Kf5 58. Bh2 g5 59. Bg3 Bd7 60.
Kd3 a5 61. Ke3 a4 62. Kd3 Ke6 1/2-1/2

[Event "25.Schlosspark-Open"]
[Site "Wiesbaden-Biebrich"]
[Date "2013.08.25"]
[Round "6.29"]
[White "Fucik, Timo"]
[Black "Cichy, Michael"]
[Result "1/2-1/2"]
[WhiteElo "2073"]
[BlackElo "1992"]
[PlyCount "203"]
[EventDate "2013.??.??"]
[WhiteTeam "SK 1926 Ettlingen"]
[BlackTeam "SC Braunschweig Gliesmarode v. 1"]

1. d4 Nf6 2. c4 e6 3. g3 Bb4+ 4. Bd2 Qe7 5. Nf3 Nc6 6. Nc3 O-O 7. Bg2 Bxc3 8.
Bxc3 Ne4 9. Rc1 d6 10. d5 Nxc3 11. Rxc3 Nd8 12. dxe6 Nxe6 13. O-O a5 14. b3 Qf6
15. Qc2 Bd7 16. Re1 Rab8 17. e4 Nc5 18. Rce3 Rbe8 19. Qd2 b6 20. Nd4 g6 21. f4
Qg7 22. Nf3 f6 23. Nd4 Re7 24. a3 Rfe8 25. b4 axb4 26. axb4 Ne6 27. Ne2 Nd8 28.
Ra3 Be6 29. Rc1 f5 30. c5 dxc5 31. Rd3 Rd7 32. Rxd7 Qxd7 33. Qxd7 Bxd7 34. bxc5
fxe4 35. Nd4 bxc5 36. Rxc5 c6 37. Kf2 e3+ 38. Ke1 Kf8 39. Nxc6 Nxc6 40. Bxc6
Rc8 41. Bxd7 Rxc5 42. Ke2 Rc3 43. h3 Rc7 44. Be6 Re7 45. f5 gxf5 46. Bxf5 h6
47. g4 Kg7 48. h4 Kf6 49. Bd3 Re5 50. Kf3 Re8 51. Bc4 Re5 52. Be2 Re7 53. Kf4
Re5 54. Kf3 Ra5 55. g5+ hxg5 56. hxg5+ Kxg5 57. Kxe3 Kf5 58. Bc4 Ke5 59. Kd3
Ra3+ 60. Kc2 Kd4 61. Kb2 Rf3 62. Ba2 Kc5 63. Ka1 Kb4 64. Bb1 Ra3+ 65. Ba2 Rg3
66. Bb1 Rg2 67. Bf5 Ka3 68. Be4 Re2 69. Bf5 Kb3 70. Bb1 Re5 71. Ba2+ Kc3 72.
Bb1 Ra5+ 73. Ba2 Ra7 74. Kb1 Ra6 75. Ka1 Rd6 76. Bb1 Rb6 77. Ba2 Rh6 78. Bb1
Rh1 79. Ka2 Rh2+ 80. Ka1 Kb3 81. Bf5 Ra2+ 82. Kb1 Ra6 83. Be4 Ra5 84. Bg6 Ra7
85. Bf5 Re7 86. Ka1 Re5 87. Bg6 Ra5+ 88. Kb1 Ra7 89. Bf5 Rg7 90. Ka1 Rg5 91.
Bh7 Ra5+ 92. Kb1 Ra8 93. Bg6 Rf8 94. Ka1 Rf6 95. Be4 Ra6+ 96. Kb1 Rd6 97. Ka1
Rd4 98. Bg6 Rf4 99. Bh7 Ra4+ 100. Kb1 Rh4 101. Bg8+ Ka3 102. Kc2 1/2-1/2

[Event "25.Schlosspark-Open"]
[Site "Wiesbaden-Biebrich"]
[Date "2013.08.25"]
[Round "6.30"]
[White "Seidel, Jürgen"]
[Black "Schmid, Eugen"]
[Result "0-1"]
[WhiteElo "2068"]
[BlackElo "1959"]
[PlyCount "64"]
[EventDate "2013.??.??"]
[WhiteTeam "SV 1920 Hofheim"]
[BlackTeam "SV Herrenberg e.V."]

1. d4 Nf6 2. c4 e6 3. Nc3 Bb4 4. Qc2 O-O 5. a3 Bxc3+ 6. Qxc3 b6 7. Bg5 h6 8.
Bh4 Bb7 9. e3 d6 10. f3 Nbd7 11. Bd3 e5 12. e4 exd4 13. Qxd4 Re8 14. Ne2 Qe7
15. O-O-O Rad8 16. g4 g5 17. Be1 Nc5 18. Bc2 Ncxe4 19. fxe4 Nxe4 20. Rf1 c5 21.
Qd3 d5 22. Nc3 dxc4 23. Qxc4 Rxd1+ 24. Nxd1 Nd6 25. Qd3 Be4 26. Qe2 Bxc2 27.
Qxc2 Qe6 28. Bg3 Nb5 29. Re1 Qd7 30. Qd2 Nd4 31. Rxe8+ Qxe8 32. Qc3 Ne2+ 0-1

[Event "25.Schlosspark-Open"]
[Site "Wiesbaden-Biebrich"]
[Date "2013.08.25"]
[Round "6.31"]
[White "Kolker, Vladislav"]
[Black "Bajer, Renato"]
[Result "1-0"]
[WhiteElo "2054"]
[BlackElo "1923"]
[PlyCount "55"]
[EventDate "2013.??.??"]
[WhiteTeam "SC Bad Nauheim"]
[BlackTeam "SF 47 Neckartenzlingen"]

1. e4 d5 2. exd5 Qxd5 3. Nc3 Qa5 4. d4 Nf6 5. Bc4 Nc6 6. Nge2 Bd7 7. a3 e6 8.
Be3 a6 9. b4 Qh5 10. Qd2 Bd6 11. Nf4 Bxf4 12. Bxf4 Qg6 13. O-O O-O 14. Bd3 Qh5
15. Ne2 Qd5 16. c4 Qh5 17. Bxc7 e5 18. d5 e4 19. Ng3 Qg6 20. dxc6 Bxc6 21. Bc2
Rac8 22. Be5 Ng4 23. Bf4 Rfd8 24. Qe2 h5 25. Nxe4 Re8 26. Nd6 Rxe2 27. Bxg6 Rf8
28. Bxh5 1-0

[Event "25.Schlosspark-Open"]
[Site "Wiesbaden-Biebrich"]
[Date "2013.08.25"]
[Round "6.32"]
[White "Wagner, Dirk"]
[Black "Keymer, Vincent"]
[Result "0-1"]
[WhiteElo "2049"]
[BlackElo "1861"]
[PlyCount "56"]
[EventDate "2013.??.??"]
[WhiteTeam "SC Matt im Park Ffm"]
[BlackTeam "SK Gau-Algesheim"]

1. Nf3 d5 2. g3 c5 3. Bg2 Nc6 4. d4 Bg4 5. Ne5 Bf5 6. Nxc6 bxc6 7. dxc5 e6 8.
Be3 Nf6 9. h3 Nd7 10. b4 a5 11. c3 Be7 12. a4 Bf6 13. Ra3 Qb8 14. Qb3 Be7 15.
O-O O-O 16. Nd2 Ra7 17. Nf3 e5 18. Bd2 Rb7 19. Qd1 Bg6 20. Ra1 Rc8 21. e3 Bd3
22. Re1 e4 23. Nd4 Ne5 24. f4 exf3 25. Nxf3 Nc4 26. Nd4 Qxg3 27. Qf3 Bh4 28.
Nf5 Qxf3 0-1

[Event "25.Schlosspark-Open"]
[Site "Wiesbaden-Biebrich"]
[Date "2013.08.25"]
[Round "6.33"]
[White "Giese, Tilman"]
[Black "Wolf, Gabriel"]
[Result "1-0"]
[WhiteElo "2045"]
[BlackElo "1859"]
[PlyCount "93"]
[EventDate "2013.??.??"]
[WhiteTeam "SC Turm Illingen"]
[BlackTeam "Vorw.Orient Mainz"]

1. Nf3 Nf6 2. g3 g6 3. Bg2 Bg7 4. O-O O-O 5. d3 d5 6. Nbd2 c5 7. c3 Nc6 8. Rb1
d4 9. Nb3 Nd7 10. Qc2 e5 11. a3 dxc3 12. bxc3 Na5 13. Bg5 f6 14. Be3 c4 15.
Nxa5 cxd3 16. Qa2+ Kh8 17. Nxb7 Bxb7 18. Rxb7 dxe2 19. Qxe2 Rb8 20. Rxa7 Qe8
21. Qd2 Nb6 22. Qd6 Na4 23. Qc7 Rg8 24. Bh6 Qf8 25. Bh3 Nxc3 26. Bxg7+ Rxg7 27.
Qxg7+ Qxg7 28. Rxg7 Kxg7 29. Ra1 e4 30. Nd4 f5 31. a4 Rb4 32. Ne6+ Kf7 33. Ng5+
Kf6 34. Nxh7+ Kg7 35. Ng5 Kf6 36. f4 exf3 37. Nxf3 Nxa4 38. Bf1 g5 39. Ra2 g4
40. Ne1 Nb2 41. Ng2 Ke5 42. Nf4 Ke4 43. Ra8 Nc4 44. Re8+ Kd4 45. Rd8+ Ke4 46.
Bg2+ Ke3 47. Rd3# 1-0

[Event "25.Schlosspark-Open"]
[Site "Wiesbaden-Biebrich"]
[Date "2013.08.25"]
[Round "6.34"]
[White "Rennhack, Peer"]
[Black "Seickel, Ralf"]
[Result "0-1"]
[WhiteElo "1919"]
[BlackElo "2037"]
[PlyCount "68"]
[EventDate "2013.??.??"]
[WhiteTeam "Sabt Frankfurter TV 1860"]
[BlackTeam "SV 1926 Neu-Isenburg"]

1. e4 c5 2. c3 d6 3. d4 Nf6 4. Bd3 Qc7 5. Ne2 g6 6. Bf4 e5 7. Bg5 Bg7 8. d5 O-O
9. Ng3 c4 10. Be2 a6 11. Nd2 b5 12. a4 Bb7 13. O-O Nbd7 14. b4 cxb3 15. Nxb3
bxa4 16. Rxa4 Nb6 17. Rb4 a5 18. Rb5 a4 19. Nd2 Ba6 20. Rb4 Nfd7 21. Bxa6 Rxa6
22. Ne2 Nc5 23. Be3 f5 24. f3 Nd3 25. Rb5 f4 26. Bf2 Nc4 27. Nxc4 Qxc4 28. Qb1
a3 29. Nc1 a2 30. Qb3 Qxb3 31. Nxb3 Rc8 32. Ra5 Rxa5 33. Nxa5 Rxc3 34. Ra1 Rc1+
0-1

[Event "25.Schlosspark-Open"]
[Site "Wiesbaden-Biebrich"]
[Date "2013.08.25"]
[Round "6.35"]
[White "Lenz, Jonas"]
[Black "Willems, Matthias"]
[Result "1/2-1/2"]
[WhiteElo "1930"]
[BlackElo "2037"]
[PlyCount "90"]
[EventDate "2013.??.??"]
[WhiteTeam "SK Bad Homburg 1927"]
[BlackTeam "SC Bad Nauheim"]

1. e4 c5 2. Nf3 e6 3. d4 cxd4 4. Nxd4 a6 5. Bd3 Bc5 6. Nb3 Be7 7. O-O d6 8. Be3
Nf6 9. f4 Qc7 10. N1d2 Nbd7 11. c4 b6 12. Qe2 Bb7 13. a4 Nc5 14. a5 bxa5 15.
Bxc5 dxc5 16. Nxa5 Rd8 17. e5 Nd7 18. Be4 Bxe4 19. Qxe4 Nb8 20. Ndb3 O-O 21.
Qb7 Rd7 22. Qxc7 Rxc7 23. Rfd1 f6 24. Re1 Kf7 25. Nd2 Nc6 26. Nxc6 Rxc6 27. Nf3
Rb8 28. Ra2 Rb4 29. Nd2 Kg6 30. Rea1 fxe5 31. fxe5 Bg5 32. Nf3 Be3+ 33. Kf1
Rxc4 34. Rxa6 Rxa6 35. Rxa6 Kf5 36. Ke2 Bh6 37. Kd3 Rb4 38. Rc6 Rxb2 39. Rxc5
Rb6 40. Rc4 Rb3+ 41. Ke2 Re3+ 42. Kf2 Re4 43. Rc7 Ra4 44. Rf7+ Ke4 45. Kg3 Ra6
1/2-1/2

[Event "25.Schlosspark-Open"]
[Site "Wiesbaden-Biebrich"]
[Date "2013.08.25"]
[Round "6.36"]
[White "Scharrer, Udo"]
[Black "Rüll, Michael"]
[Result "1-0"]
[WhiteElo "2036"]
[BlackElo "1854"]
[PlyCount "85"]
[EventDate "2013.??.??"]
[WhiteTeam "SG Stern Stuttgart"]
[BlackTeam "SC 1952 Obertshausen"]

1. d4 Nf6 2. c4 d6 3. Nc3 g6 4. e4 Bg7 5. Be2 O-O 6. Bg5 h6 7. Be3 c5 8. d5 Na6
9. Qd2 Kh7 10. h3 Nc7 11. Nf3 Bd7 12. O-O a6 13. a4 b6 14. Bd3 Qc8 15. Qe2 Kh8
16. Nh2 Ng8 17. f4 e5 18. Nf3 Qe8 19. fxe5 Bxe5 20. Nxe5 Qxe5 21. Bf4 Qe7 22.
e5 Ne8 23. exd6 Qxe2 24. Bxe2 f5 25. Bd3 Ngf6 26. Bxh6 Rf7 27. Bf4 Rd8 28. a5
b5 29. cxb5 axb5 30. a6 c4 31. a7 Ra8 32. Be2 b4 33. Na4 Bxa4 34. Rxa4 Rfxa7
35. Rxa7 Rxa7 36. Bxc4 Rd7 37. Bb5 Rd8 38. Be5 Kh7 39. Bc6 Ne4 40. d7 N8d6 41.
Rf4 g5 42. Rxe4 Nxe4 43. Bc7 1-0

[Event "25.Schlosspark-Open"]
[Site "Wiesbaden-Biebrich"]
[Date "2013.08.25"]
[Round "6.37"]
[White "Kokhnover, Ilia"]
[Black "Gentner, Markus"]
[Result "1/2-1/2"]
[WhiteElo "1757"]
[BlackElo "2025"]
[PlyCount "64"]
[EventDate "2013.??.??"]
[WhiteTeam "vereinslos"]
[BlackTeam "SG Stern Stuttgart"]

1. e4 c6 2. d4 d5 3. exd5 cxd5 4. c4 Nf6 5. Nc3 Nc6 6. Bg5 Ne4 7. Nxe4 dxe4 8.
d5 Ne5 9. Qd4 f6 10. Bf4 Ng6 11. Qxe4 Nxf4 12. Qxf4 Qa5+ 13. Qd2 Qxd2+ 14. Kxd2
e6 15. dxe6 Bxe6 16. Kc2 Bc5 17. f3 Bf5+ 18. Bd3 Bxd3+ 19. Kxd3 O-O-O+ 20. Kc2
Rd4 21. Ne2 Rxc4+ 22. Kb3 Rb4+ 23. Kc3 Re8 24. Ng3 Re3+ 25. Kc2 Rc4+ 26. Kd2
Re5 27. Kd3 Rd4+ 28. Kc2 Red5 29. Rad1 Rxd1 30. Rxd1 Rxd1 31. Kxd1 Bd4 32. Nf5
Bxb2 1/2-1/2

[Event "25.Schlosspark-Open"]
[Site "Wiesbaden-Biebrich"]
[Date "2013.08.25"]
[Round "6.38"]
[White "Kempfer, Justus"]
[Black "Muuss, Klaus"]
[Result "0-1"]
[WhiteElo "1683"]
[BlackElo "2009"]
[PlyCount "56"]
[EventDate "2013.??.??"]
[WhiteTeam "SJ Herborn 1998"]
[BlackTeam "VSF Flintbek"]

1. e4 e5 2. Nf3 Nc6 3. Bc4 Nf6 4. d3 d6 5. c3 h6 6. Nbd2 Be7 7. Bb3 a6 8. h3
Na5 9. Bc2 c5 10. Qe2 Nc6 11. Nf1 Be6 12. g4 Qc7 13. Ng3 g6 14. Be3 d5 15. d4
cxd4 16. cxd4 Bb4+ 17. Kf1 h5 18. g5 h4 19. exd5 Bxd5 20. gxf6 hxg3 21. fxg3
O-O-O 22. Rh2 exd4 23. Nxd4 Nxd4 24. Bxd4 Bc4 25. Bd3 Rxd4 26. Bxc4 Qxc4 27.
Qxc4+ Rxc4 28. b3 Rc6 0-1

[Event "25.Schlosspark-Open"]
[Site "Wiesbaden-Biebrich"]
[Date "2013.08.25"]
[Round "6.39"]
[White "Herda, Christoph"]
[Black "Krenz, Valeriy"]
[Result "0-1"]
[WhiteElo "1917"]
[BlackElo "2263"]
[PlyCount "80"]
[EventDate "2013.??.??"]
[WhiteTeam "SVG Lauterbach"]
[BlackTeam "SAbt TuS Dotzheim"]

1. Nc3 d5 2. e4 d4 3. Nce2 e5 4. Ng3 Be6 5. c3 a6 6. cxd4 exd4 7. d3 Nc6 8. Be2
Qd7 9. f4 f5 10. e5 Bb4+ 11. Kf2 Nh6 12. h3 Nf7 13. Nh5 O-O 14. Nf3 Be7 15. h4
Nh6 16. Ng5 Ng4+ 17. Kg1 Bd5 18. a3 h6 19. Nf3 Bc5 20. Ng3 Rad8 21. b4 Bb6 22.
Bd2 Ne3 23. Qc1 Ne7 24. Nf1 Ng4 25. N1h2 Be6 26. g3 Nd5 27. Nxg4 fxg4 28. Nh2
Nc3 29. Kf2 Nxe2 30. Kxe2 Qd5 31. Rg1 Rc8 32. Qb2 c5 33. bxc5 Bxc5 34. Kf2 Qxe5
35. Qxb7 Rb8 36. Qxa6 Rb2 37. Rgd1 Rxd2+ 38. Kf1 Rxf4+ 39. Kg1 Re4 40. Qa8+ Bf8
0-1

[Event "25.Schlosspark-Open"]
[Site "Wiesbaden-Biebrich"]
[Date "2013.08.25"]
[Round "6.40"]
[White "Stimpel, Franz"]
[Black "Kellerwessel, Ralf"]
[Result "1-0"]
[WhiteElo "2175"]
[BlackElo "1919"]
[PlyCount "59"]
[EventDate "2013.??.??"]
[WhiteTeam "Wiesbadener SV 1885"]
[BlackTeam "SC Bad Soden"]

1. d4 f5 2. Bg5 g6 3. Nd2 Bg7 4. e3 Nf6 5. h4 h6 6. Bxf6 Bxf6 7. Bd3 e5 8. dxe5
Bxe5 9. h5 d5 10. hxg6 Bxb2 11. Rb1 Bg7 12. Nh3 c5 13. c4 d4 14. e4 O-O 15. Qh5
Nc6 16. exf5 Nb4 17. Be4 Nxa2 18. Bd5+ Kh8 19. Ng5 Nc3 20. Nf7+ Rxf7 21. Bxf7
Qe7+ 22. Kf1 Nxb1 23. Nxb1 Qe4 24. Nd2 Qc2 25. f6 Qxd2 26. fxg7+ Kxg7 27. Qe5+
Kf8 28. Kg1 a5 29. Kh2 Qxf2 30. Re1 1-0

[Event "25.Schlosspark-Open"]
[Site "Wiesbaden-Biebrich"]
[Date "2013.08.25"]
[Round "6.41"]
[White "Rödiger, Thomas"]
[Black "Bolduan, Michael"]
[Result "1/2-1/2"]
[WhiteElo "2086"]
[BlackElo "1862"]
[PlyCount "39"]
[EventDate "2013.??.??"]
[WhiteTeam "SC Bad Soden"]
[BlackTeam "SC Taunusstein 1966"]

1. d4 e6 2. c4 f5 3. Nc3 Nf6 4. Nf3 d5 5. e3 c6 6. Be2 Bd6 7. Ne5 O-O 8. O-O
Nbd7 9. f4 Bb4 10. Bd2 Bxc3 11. bxc3 Ne4 12. cxd5 exd5 13. c4 Ndf6 14. Rb1 Qc7
15. Bb4 Nd6 16. cxd5 Nxd5 17. Bd2 Be6 18. Qc2 Rac8 19. Bf3 Kh8 20. Qa4 1/2-1/2

[Event "25.Schlosspark-Open"]
[Site "Wiesbaden-Biebrich"]
[Date "2013.08.25"]
[Round "6.43"]
[White "Gauer, Jakob"]
[Black "Stabernack, Joschi"]
[Result "1/2-1/2"]
[WhiteElo "1898"]
[BlackElo "2041"]
[PlyCount "34"]
[EventDate "2013.??.??"]
[WhiteTeam "SC Ostfildern 1952 e.V."]
[BlackTeam "Kasseler SK 1876"]

1. e4 e5 2. Nf3 Nf6 3. Nxe5 d6 4. Nf3 Nxe4 5. Nc3 Nxc3 6. dxc3 Nc6 7. Be3 Be7
8. Bd3 Bg4 9. Be2 Qd7 10. h3 Bh5 11. Nd4 Bxe2 12. Qxe2 Nxd4 13. cxd4 d5 14. c3
c6 15. Bf4 O-O 16. O-O Rfe8 17. Qd2 Bd6 1/2-1/2

[Event "25.Schlosspark-Open"]
[Site "Wiesbaden-Biebrich"]
[Date "2013.08.25"]
[Round "6.44"]
[White "Beck, Andreas"]
[Black "Seehaus, Bernhard"]
[Result "0-1"]
[WhiteElo "1884"]
[BlackElo "2038"]
[PlyCount "52"]
[EventDate "2013.??.??"]
[WhiteTeam "TSV Germania 1900 Malschenberg"]
[BlackTeam "SV Schachforum Darmstadt 1994"]

1. e4 d6 2. Nc3 Nf6 3. f4 Bg4 4. Be2 Bxe2 5. Qxe2 c6 6. Nf3 e6 7. O-O Be7 8. d3
O-O 9. Kh1 b5 10. e5 dxe5 11. fxe5 Nd5 12. Ne4 Qc7 13. Bg5 Bxg5 14. Nfxg5 Qxe5
15. Qh5 h6 16. Rae1 Nd7 17. Qh4 Qxb2 18. Rf3 f5 19. Nxe6 fxe4 20. Rg3 Rf7 21.
d4 Qb4 22. c3 Qd6 23. Qxe4 Re8 24. Rg6 N7f6 25. Qe2 Nf4 26. Qf3 Nxg6 0-1

[Event "25.Schlosspark-Open"]
[Site "Wiesbaden-Biebrich"]
[Date "2013.08.25"]
[Round "6.45"]
[White "Ivkin, Michael"]
[Black "Malzahn, Sven"]
[Result "0-1"]
[WhiteElo "1822"]
[BlackElo "2017"]
[PlyCount "80"]
[EventDate "2013.??.??"]
[WhiteTeam "Wiesbadener SV 1885"]
[BlackTeam "SAbt TuS Dotzheim"]

1. d4 Nf6 2. c4 c5 3. d5 b5 4. cxb5 a6 5. e3 Bb7 6. Nc3 axb5 7. Bxb5 Qa5 8. Bc4
e6 9. Bd2 Qb6 10. e4 Nxe4 11. Nf3 Nxd2 12. Qxd2 Be7 13. O-O O-O 14. Ne5 Bf6 15.
f4 d6 16. Ng4 Bd4+ 17. Kh1 Ba6 18. Bxa6 Nxa6 19. f5 exf5 20. Rxf5 Qb4 21. h3 f6
22. Re1 Rae8 23. Rff1 Nc7 24. Rxe8 Rxe8 25. Re1 Rxe1+ 26. Qxe1 h5 27. Qe7 hxg4
28. Qxc7 Qxb2 29. Qc8+ Kh7 30. Qxg4 Qc1+ 31. Nd1 g6 32. h4 f5 33. Qe2 Be5 34.
a4 Qf4 35. Kg1 Qxa4 36. h5 Qd4+ 37. Ne3 f4 38. hxg6+ Kg7 39. Qh5 Qxe3+ 40. Kf1
Qd3+ 0-1

[Event "25.Schlosspark-Open"]
[Site "Wiesbaden-Biebrich"]
[Date "2013.08.25"]
[Round "6.46"]
[White "Anhalt, Albert"]
[Black "Klyszcz, Michael"]
[Result "0-1"]
[WhiteElo "1776"]
[BlackElo "1999"]
[PlyCount "138"]
[EventDate "2013.??.??"]
[WhiteTeam "SG Turm Idstein"]
[BlackTeam "SG 1871 Löberitz"]

1. e4 d6 2. Nf3 Nf6 3. Nc3 Bg4 4. d4 Nbd7 5. Bc4 c6 6. Bb3 e6 7. h3 Bxf3 8.
Qxf3 Be7 9. O-O O-O 10. Ne2 b5 11. c3 c5 12. Bf4 e5 13. Bh2 Qc7 14. Rac1 c4 15.
Bc2 Qa5 16. a3 Rfe8 17. Qe3 Qb6 18. Kh1 Bf8 19. Rfe1 g6 20. Rb1 Qa5 21. f4 Bg7
22. Qf3 Re7 23. fxe5 dxe5 24. d5 Ne8 25. Bg1 Nd6 26. Ng3 Bh6 27. Qg4 Bg7 28.
Rf1 Qc7 29. h4 Nf6 30. Qg5 h6 31. Qe3 Ng4 32. Qc5 Rc8 33. Qxc7 Rcxc7 34. h5 Nf6
35. hxg6 fxg6 36. Be3 Rf7 37. Rf3 Ng4 38. Bg1 h5 39. Rbf1 Nf6 40. Re1 h4 41.
Nf1 Bh6 42. Be3 Bxe3 43. Rexe3 Ng4 44. Re1 Kg7 45. Kg1 g5 46. Nd2 Nf6 47. Rh3
Nh5 48. Rf3 g4 49. Rf5 Nxf5 50. exf5 Rce7 51. b3 cxb3 52. Nxb3 Nf6 53. d6 Rd7
54. Rxe5 Rxd6 55. Nd4 a6 56. Bb3 Ra7 57. Kf2 h3 58. gxh3 gxh3 59. Bd1 Nd5 60.
Ne6+ Kf6 61. Re1 Kxf5 62. Nd4+ Kf6 63. Kg3 Rg7+ 64. Kxh3 Nf4+ 65. Kh2 Rg2+ 66.
Kh1 Rd8 67. Re6+ Nxe6 68. Kxg2 Nxd4 69. cxd4 Rxd4 0-1

[Event "25.Schlosspark-Open"]
[Site "Wiesbaden-Biebrich"]
[Date "2013.08.25"]
[Round "6.47"]
[White "Weiland, Thomas"]
[Black "Hipler, Andreas"]
[Result "0-1"]
[WhiteElo "1997"]
[BlackElo "1858"]
[PlyCount "110"]
[EventDate "2013.??.??"]
[WhiteTeam "SV Oberursel"]
[BlackTeam "SK Gau-Algesheim"]

1. e4 d5 2. exd5 Qxd5 3. d4 c6 4. Nc3 Qd6 5. Nf3 Nf6 6. Bc4 Bg4 7. Be3 e6 8.
Be2 Nbd7 9. a3 Qc7 10. Ng5 Bf5 11. h3 h6 12. Nf3 Bd6 13. Bd3 Bxd3 14. Qxd3
O-O-O 15. O-O-O Rhe8 16. Rhe1 Qa5 17. Nd2 Qc7 18. Nde4 Bf4 19. Qe2 Bxe3+ 20.
Qxe3 Nd5 21. Qd2 Qh2 22. g3 N7b6 23. Nxd5 cxd5 24. Nc5 Qxh3 25. Qb4 Qf5 26. a4
Re7 27. Na6 Rdd7 28. Qc5+ Kd8 29. a5 Nc8 30. Nb4 Rc7 31. Qb5 Rc4 32. Re2 Rec7
33. Rdd2 Nd6 34. Qa4 Qf6 35. Kb1 Kc8 36. c3 Kd8 37. Rc2 Ne4 38. a6 b6 39. Qa3
Qf3 40. Ka1 Qh1+ 41. Ka2 Qd1 42. g4 Qf1 43. Nd3 Re7 44. Rxe4 dxe4 45. Qd6+ Rd7
46. Qf8+ Kc7 47. Nb4 Qd1 48. Kb3 b5 49. Qa8 Kb6 50. Qb8+ Ka5 51. Qe8 Qa1 52.
Na2 Ra4 53. Rc1 Qxa2+ 54. Kc2 Qd5 55. b4+ Kxa6 0-1

[Event "25.Schlosspark-Open"]
[Site "Wiesbaden-Biebrich"]
[Date "2013.08.25"]
[Round "6.48"]
[White "Troidl, Thomas"]
[Black "Englert, Fred"]
[Result "1/2-1/2"]
[WhiteElo "1991"]
[BlackElo "1841"]
[PlyCount "71"]
[EventDate "2013.??.??"]
[WhiteTeam "TSV Kareth-Lappersdorf"]
[BlackTeam "SK 1982 Klingenberg/Main"]

1. e4 c6 2. d4 d5 3. Nd2 dxe4 4. Nxe4 g6 5. Bc4 Bg7 6. Ng5 e6 7. N1f3 h6 8. Ne4
Nf6 9. Nxf6+ Qxf6 10. Be3 O-O 11. Qd2 Kh7 12. Ne5 b5 13. Be2 Bb7 14. Ng4 Qh4
15. g3 Qd8 16. Bxh6 c5 17. Bxg7 Kxg7 18. Rg1 Qxd4 19. Qxd4+ cxd4 20. Bxb5 f6
21. O-O-O e5 22. f4 Bf3 23. fxe5 fxe5 24. Nxe5 Bxd1 25. Rxd1 Rf5 26. Bc6 Nxc6
27. Nxc6 Rf2 28. h4 Rf3 29. Rg1 d3 30. Ne5 d2+ 31. Kd1 Rf5 32. Nd3 a5 33. Kxd2
a4 34. g4 Rf3 35. g5 Rh3 36. Rg4 1/2-1/2

[Event "25.Schlosspark-Open"]
[Site "Wiesbaden-Biebrich"]
[Date "2013.08.25"]
[Round "6.49"]
[White "Kirmeir, Andreas"]
[Black "Kobs, Stephan"]
[Result "0-1"]
[WhiteElo "1738"]
[BlackElo "1986"]
[PlyCount "138"]
[EventDate "2013.??.??"]
[WhiteTeam "SC Landskrone"]
[BlackTeam "SC Bad Salzdetfurth"]

1. b3 e5 2. Bb2 Nc6 3. e3 d5 4. d3 Nf6 5. Nd2 Bd6 6. g3 Be6 7. Bg2 Qd7 8. h3
O-O-O 9. a3 Rhe8 10. Ne2 Kb8 11. d4 exd4 12. Nxd4 Nxd4 13. Bxd4 c5 14. Bxf6
gxf6 15. Qf3 Be5 16. O-O-O Qc7 17. Nb1 c4 18. b4 Rc8 19. c3 Qc6 20. Qe2 f5 21.
Qc2 Rcd8 22. h4 b5 23. Rd2 Rd6 24. Rhd1 Red8 25. Bf3 Bh8 26. Kb2 a5 27. Kc1
axb4 28. axb4 Kc7 29. Qb2 Ra8 30. Re1 Ra6 31. Kd1 Qd7 32. Ke2 f4 33. gxf4 Bg4
34. Rh1 Qf5 35. Qc2 Bxf3+ 36. Kxf3 Qh5+ 37. Kg2 Rg6+ 38. Kf1 Qf3 39. Rh2 Qg4
40. Ke1 Qg1+ 41. Ke2 Qxh2 42. Rxd5 Rg2 43. Rc5+ Kb8 44. Rxb5+ Ka7 45. Kf3 Qh3+
46. Ke4 Re6+ 47. Kd5 Qf3+ 48. Kxc4 Rxf2 49. Ra5+ Kb7 50. Rb5+ Rb6 51. Rxb6+
Kxb6 52. Qxh7 Qe2+ 53. Kd5 Qb5+ 54. Kd6 Qc6+ 55. Ke7 Qe6+ 56. Kf8 Bf6 57. Qxf7
Qxf7+ 58. Kxf7 Bxh4 59. c4 Rc2 60. c5+ Kb7 61. e4 Rc4 62. Nd2 Rxb4 63. f5 Kc6
64. Nf3 Rxe4 65. Nxh4 Rxh4 66. f6 Kd7 67. c6+ Kxc6 68. Kf8 Kd7 69. Kf7 Rf4 0-1

[Event "25.Schlosspark-Open"]
[Site "Wiesbaden-Biebrich"]
[Date "2013.08.25"]
[Round "6.50"]
[White "Schmidt, Volker"]
[Black "Bogucanin, Mirsad"]
[Result "0-1"]
[WhiteElo "1968"]
[BlackElo "1837"]
[PlyCount "112"]
[EventDate "2013.??.??"]
[WhiteTeam "SAbt TuS Dotzheim"]
[BlackTeam "VSG 1880 Offenbach"]

1. c4 Nf6 2. Nc3 e6 3. e4 d6 4. d4 g6 5. Nf3 Bg7 6. Be2 O-O 7. O-O Nbd7 8. Bg5
h6 9. Bh4 g5 10. Bg3 Nh5 11. Ne1 Nxg3 12. hxg3 c5 13. Nc2 a6 14. dxc5 dxc5 15.
Qd2 Qe7 16. Rad1 b6 17. f4 Rd8 18. Rf3 Bb7 19. Rd3 Bc6 20. Bf3 Kf8 21. e5 Bxf3
22. gxf3 Ke8 23. Ne4 Bxe5 24. fxe5 Nxe5 25. Rxd8+ Rxd8 26. Qxd8+ Qxd8 27. Rxd8+
Kxd8 28. Kg2 Nxc4 29. b3 Ne5 30. Ne1 f5 31. Nc3 Ke7 32. f4 Nf7 33. Nd3 Kd6 34.
a4 e5 35. fxe5+ Nxe5 36. Nb2 h5 37. Kf2 c4 38. b4 h4 39. gxh4 gxh4 40. Kg2 a5
41. b5 Kc5 42. Kh3 Kd4 43. Nbd1 Nf3 44. Ne2+ Kc5 45. Nec3 Ng5+ 46. Kxh4 Ne4 47.
Nxe4+ fxe4 48. Kg4 Kb4 49. Kf4 Kxa4 50. Kxe4 Kxb5 51. Kd4 Kb4 52. Ne3 b5 53.
Nd5+ Kb3 54. Ne3 c3 55. Kd3 b4 56. Nc2 Kb2 0-1

[Event "25.Schlosspark-Open"]
[Site "Wiesbaden-Biebrich"]
[Date "2013.08.25"]
[Round "6.51"]
[White "Schöber, Sebastian"]
[Black "Reichenbächer, Thomas"]
[Result "0-1"]
[WhiteElo "1730"]
[BlackElo "1966"]
[PlyCount "96"]
[EventDate "2013.??.??"]
[WhiteTeam "SC Rochade 69 Diez e. V."]
[BlackTeam "SC Steißlingen"]

1. c4 f5 2. Nc3 Nf6 3. g3 d6 4. d4 g6 5. Bg2 Bg7 6. Nf3 O-O 7. O-O c6 8. b4 Qe8
9. Qc2 h6 10. Bb2 Qf7 11. Nd2 Kh8 12. d5 e5 13. dxe6 Bxe6 14. Na4 Nbd7 15. b5
Rac8 16. bxc6 bxc6 17. Ba3 Rfd8 18. c5 d5 19. Bb2 Ne4 20. Bxg7+ Qxg7 21. Rab1
Rb8 22. e3 Nxd2 23. Qxd2 Ne5 24. Qd4 Nc4 25. Rb3 Qxd4 26. exd4 Rxb3 27. axb3
Nd2 28. Re1 Bg8 29. Re3 Rb8 30. h4 Nxb3 31. Nb2 Nxd4 32. Nd3 Rb3 33. Ne5 Rxe3
34. fxe3 Nb3 35. Nxc6 Nxc5 36. Nxa7 Nd3 37. Nc6 Kg7 38. Ne7 Nb4 39. Kf2 Be6 40.
h5 gxh5 41. Bf3 Kf6 42. Nxd5+ Bxd5 43. Bxh5 Nd3+ 44. Ke2 Ne5 45. Kd2 Kg5 46.
Be2 Be4 47. Kc3 Nf3 48. Ba6 Kg4 0-1